| 000 | 00968nam a2200265 a 4500 | ||
|---|---|---|---|
| 005 | 20210223124500.0 | ||
| 008 | 011023s2000 es r 000 0 spa d | ||
| 020 | _a8441510121 | ||
| 035 | _aUPN01000113340 | ||
| 049 | _aCG | ||
| 050 | 4 |
_aT385 _bB3.6 |
|
| 100 | 1 | _aBaumgardt, Michael | |
| 245 | 1 | 0 |
_aPhotoshop 5.5 para diseño Web / _cMichael Baumgardt ; tr. Antonio García del Olmo. |
| 260 |
_aMadrid : _bAnaya Multimedia, _cc2000. |
||
| 300 |
_a336 p. : _bil. col. + _e1 CD-ROM : son., col. ; 4 3/4 plg. |
||
| 440 | 0 | _aDiseño y creatividad | |
| 500 | _a"Niveles: básico y medio. Tipo de libro: Aprendizaje/referencia. Temática: Internet" | ||
| 500 | _a"Windows y Macintosh" | ||
| 500 | _a"Con mage Ready 2 y GoLive 4" | ||
| 534 |
_pTraducción de: _tAdobe photoshop 5.5 web design |
||
| 650 | 4 |
_aGRAFICOS POR COMPUTADORA _912519 |
|
| 650 | 4 |
_aSITIOS WEB - _xDISEÑO _97669 |
|
| 650 | 4 |
_aADOBE PHOTOSHOP (ARCHIVO PARA COMPUTADORA) _9620 |
|
| 905 | _aLibro | ||
| 999 |
_c87248 _d87248 |
||